000 00770nam a2200229Ia 4500
003 GCL
005 20240530095219.0
008 140319s9999 xx 000 0 ara d
020 _a9971419977
040 _aGCL /
_cGCL
082 0 4 _a907.202
_bم ل
100 1 _aمحمد صابر عرب
245 1 0 _aلمسة وفاء للاستاذ الدكتور محمود منسى من زملائه وتلامذته /
_cمحمد صابر عرب ، محمد على حلة
250 _aالاولى
260 _aالقاهرة :
_bالمؤلف ،
_c1999
300 _a164 ص ؛
_c22 سم
650 0 4 _aالمؤرخون المصريون
650 0 4 _aالمؤرخون - تراجم
650 0 4 _aمحمود منسى
700 1 _aمحمد على حلة
942 _2ddc
_cBK
999 _c5026
_d5026